Culture Générale - Série 517 - Statistiques

Statistiques générales
  • Ce quiz a été pris 175 fois
  • Le résultat moyen est 7 sur 10
Statistiques - réponses
Question Réponse % Correct
De quelle couleur est l'étoile sur le drapeau du Maroc ? Verte
93%
Quel nom d'animal précède "Dundee" dans le titre d'un film de 1986 ? Crocodile
86%
Quel nom portent les petits choux parsemés de gros grains de sucre, vendus au poids dans les boulangeries ? chouquettes
77%
Quel nom d'accessoire vestimentaire désigne aussi la voie reliant deux grands axes routiers ? bretelle
75%
Quel nom d'animal désigne un petit amas de poussière en forme de boule s'assemblant généralement sous les meubles ? mouton
72%
A quel compositeur d'opéra doit-on "Cosi fan tutte" en 1790 ? Mozart
59%
Selon le titre de son livre, comment est le "promeneur" dont Jean-Jacques Rousseau a écrit les "rêveries" ? Solitaire
59%
Quel ministre de l'Emploi a fait voter la loi sur les 35 heures en 1998 ? Martine Aubry
54%
Quel docteur sachant parler aux animaux Eddie Murphy interprète-t-il au cinéma en 1998 ? Dolittle
51%
Dans quelle adaptation d'un roman d'Alexandre Dumas Isabelle Adjani a-t-elle tourné en 1994 ? La Reine Margot
32%
Aucun quiz correspondant
Distribution des résultats
% des personnes avec chaque résultat
Percentile par nombre de réponses
Votre historique - résultats
Vous n’avez pas pris ce quiz